000 00187 a2200097 4500
001 3346
100 _aJohnson, J
245 _aWing leader
260 _a
_bChatto
_c
090 _c2624
_d2624
942 _aNUST-CAE
_cM
_c18047
999 _c238419
_d238419